000 00969nam a2200241Ia 4500
003 GCL
008 140319s9999 xx 000 0 ara d
040 _aGCL /
_cGCL
082 0 4 _a025.1773
_bش م
100 1 _aشعبان عبدالعزيز خليفة
245 1 0 _aالمصغرات الفيلمية فى المكتبات ومراكز المعلومات /
_cشعبان عبدالعزيز خليفة
260 _aالقاهرة :
_bالعربى للنشر والتوزيع
300 _a216 ص ؛
_c24 سم
490 _aدراسات فى الكتب والمعلومات
_v0
650 0 4 _aالميكروفيلم
650 0 4 _aالميكروفيش
650 0 4 _aالمصغرات الفيلمية
650 0 4 _aالمصغرات الفيلمية - تخزين
650 0 4 _aالمصغرات الفيلمية - فهرسة
650 0 4 _aالمصغرات الفيلمية - تزويد
650 0 4 _aالمصغرات الفيلمية - حفظ
942 _2ddc
_cBK
999 _c30643
_d30643